LIBRARY & INFORMATION CENTRE, KCAET, TAVANUR

ONLINE PUBLIC ACCESS CATALOGUE (OPAC)

Production Technology Manufacturing Processes- Volume-II (Record no. 14323)

MARC details
000 -LEADER
fixed length control field 00326nam a22001217a 4500
020 ## - INTERNATIONAL STANDARD BOOK NUMBER
ISBN 9789383182039
082 ## - DEWEY DECIMAL CLASSIFICATION NUMBER
Classification number 670
Item number KHA/PR
100 ## - MAIN ENTRY--AUTHOR NAME
Personal name Khanna,O.P
245 ## - TITLE STATEMENT
Title Production Technology Manufacturing Processes- Volume-II
260 ## - PUBLICATION, DISTRIBUTION, ETC. (IMPRINT)
Place of publication New Delhi
Name of publisher Dhanpat Rai Publications (P) Ltd
Year of publication 2014
300 ## - PHYSICAL DESCRIPTION
Number of Pages 38.15
942 ## - ADDED ENTRY ELEMENTS (KOHA)
Koha item type Books
Holdings
Withdrawn status Lost status Damaged status Collection code Home library Current library Shelving location Date acquired Source of acquisition Cost, normal purchase price Full call number Accession Number Koha item type
        KAUAET KAUAET General Stacks 16/06/2016 Dream Tech, Trivandrum 350.00 670 KHA/PR 24793 Books
        KAUAET KAUAET General Stacks 31/03/2018 Aman Books, Calicut 475.00 670 KHA/PR 25632 Books
        KAUAET KAUAET General Stacks 31/03/2018 Aman Books, Calicut 475.00 670 KHA/PR 25633 Books
free website counter